Pranshupala : Aloysius College na Atmiya Katanagalu (Record no. 220640)

MARC details
000 -LEADER
fixed length control field 00804nam a22002057a 4500
005 - DATE AND TIME OF LATEST TRANSACTION
control field 20260109114857.0
008 - FIXED-LENGTH DATA ELEMENTS--GENERAL INFORMATION
fixed length control field 211117b ||||| |||| 00| 0 eng d
020 ## - INTERNATIONAL STANDARD BOOK NUMBER
International Standard Book Number 9788195274901
040 ## - CATALOGING SOURCE
Transcribing agency AL
041 ## - LANGUAGE CODE
Language code of text/sound track or separate title kan
082 ## - DEWEY DECIMAL CLASSIFICATION NUMBER
Classification number 378.1K
Item number PRAP
100 ## - MAIN ENTRY--PERSONAL NAME
Personal name Prashanth Madtha
100 ## - MAIN ENTRY--PERSONAL NAME
9 (RLIN) 250842
100 ## - MAIN ENTRY--PERSONAL NAME
9 (RLIN) 21475
Dates associated with a name ಪ್ರಶಾಂತ್ ಮಾಡ್ತ
245 ## - TITLE STATEMENT
Title Pranshupala : Aloysius College na Atmiya Katanagalu
Remainder of title ಪ್ರಾಂಶುಪಾಲ : ಅಲೋಶಿಯಸ್ ಕಾಲೇಜಿನ ಬಗ್ಗೆಆತ್ಮೀಯ ಕಥನಗಳು
260 ## - PUBLICATION, DISTRIBUTION, ETC.
Place of publication, distribution, etc. Mangaluru
Name of publisher, distributor, etc. St Aloysius Prakashana
Date of publication, distribution, etc. 2021
300 ## - PHYSICAL DESCRIPTION
Extent 159p
Other physical details PB
Dimensions 21x13 cm.
365 ## - TRADE PRICE
Price amount ₹150.00
Currency code
Unit of pricing ₹150.00
650 ## - SUBJECT ADDED ENTRY--TOPICAL TERM
Topical term or geographic name entry element St.Aloysious College ಸಂತ ಅಲೋಶಿಯಸ್ ಕಾಲೇಜು
9 (RLIN) 10535
942 ## - ADDED ENTRY ELEMENTS (KOHA)
Source of classification or shelving scheme Dewey Decimal Classification
Koha item type Donated Books
Holdings
Withdrawn status Lost status Source of classification or shelving scheme Damaged status Not for loan Collection code Home library Current library Date acquired Cost, normal purchase price Total Checkouts Full call number Barcode Date last seen Date last checked out Cost, replacement price Price effective from Koha item type Public note
    Dewey Decimal Classification     Others St Aloysius Library St Aloysius Library 11/16/2021 150.00 1 378.1K PRAP D04771 03/09/2022 02/11/2022 150.00 11/17/2021 Donated Books Donated by St Aloysius Prakashana
    Dewey Decimal Classification     Others St Aloysius Library St Aloysius Library 11/16/2021 150.00   378.1K PRAP D04772 11/17/2021   150.00 11/17/2021 Donated Books Donated by St Aloysius Prakashana
    Dewey Decimal Classification   Reference Book Others St Aloysius Library St Aloysius Library 11/16/2021 150.00   378.1K PRAP D04773 11/17/2021   150.00 11/17/2021 Donated Books Donated by St Aloysius Prakashana
    Dewey Decimal Classification     Others St Aloysius Library St Aloysius Library 11/16/2021 150.00 1 378.1K PRAP D04774 09/12/2025 09/02/2025 150.00 11/17/2021 Donated Books Donated by St Aloysius Prakashana
    Dewey Decimal Classification     Others St Aloysius Library St Aloysius Library 11/16/2021 150.00 4 378.1K PRAP D04775 05/06/2022 03/04/2022 150.00 11/17/2021 Donated Books Donated by St Aloysius Prakashana